Fernando Alonsos podium - Estadísticas

Estadísticas generales
  • Esta prueba ha sido intentada 63 veces
  • La puntuación promedio es 93 de 107
Estadísticas de respuestas
Hint Respuesta % Correcto
2014 China
100%
2013 China
100%
2007 China
100%
2006 China
100%
2005 China
100%
2013 España
100%
2012 España
100%
2010 España
100%
2007 España
100%
2006 España
100%
2005 España
100%
2003 España
100%
2023 Brasil
98%
2013 Brasil
98%
2012 Brasil
98%
2010 Brasil
98%
2008 Brasil
98%
2007 Brasil
98%
2006 Brasil
98%
2005 Brasil
98%
2003 Brasil
98%
2011 Japón
98%
2010 Japon
98%
2008 Japon
98%
2006 Japon
98%
2005 Japon
98%
2023 Monaco
98%
2012 Monaco
98%
2011 Monaco
98%
2007 Monaco
98%
2023 Australia
96%
2013 Australia
96%
2007 Australia
96%
2006 Australia
96%
2005 Australia
96%
2004 Australia
96%
2013 Belgica
96%
2007 Belgica
96%
2005 Belgica
96%
2006 Francia
96%
2005 Francia
96%
2004 Francia
96%
2023 Canada
94%
2013 Canada
94%
2010 Canada
94%
2006 Canada
94%
2014 Hungría
94%
2011 Hungría
94%
2010 Hungria
94%
2004 Hungria
94%
2003 Hungria
94%
2012 Alemania
92%
2011 Alemania
92%
2010 Alemania
92%
2005 Alemania
92%
2004 Alemania
92%
2012 Estados Unidos
92%
2007 Estados Unidos
92%
2023 Bahrein
90%
2010 Bahrein
90%
2013 Italia
90%
2012 Italia
90%
2011 Italia
90%
2010 Italia
90%
2007 Italia
90%
2005 Italia
90%
2021 Qatar
90%
2013 Gran bretaña
88%
2012 Europa
86%
2011 Europa
86%
2007 Europa
86%
2006 Europa
86%
2005 Europa
86%
2023 Paises bajos
86%
2006 San Marino
86%
2005 San Marino
86%
2023 Arabia saudi
84%
2013 Singapur
84%
2012 Singapur
84%
2010 Singapur
84%
2009 Singapur
84%
2008 Singapur
84%
2012 Malasia
80%
2007 Malasia
80%
2006 Malasia
80%
2005 Malasia
80%
2003 Malasia
80%
2012 India
78%
2011 India
78%
2006 Barein
76%
2005 Barein
76%
2011 Turquia
72%
2007 Turquia
72%
2006 Turquia
72%
2005 Turquia
72%
2012 Corea del Sur
68%
2010 Corea del Sur
68%
2023 Miami
58%
2012 Gran Bretaña
52%
2011 Gran Bretaña
52%
2007 Gran Bretaña
52%
2006 Gran Bretaña
52%
2005 Gran Bretaña
52%
2012 Abu Dabi
48%
2011 Abu Dabi
48%
2006 moanco
8%
2006 Valdepelayos
4%
No se encontraron pruebas coincidentes
Distribución de puntuación
Porcentaje de gente con cada puntuación
Porcentaje por número respondido
Historial de tus puntuaciones
No has intentado esta prueba.